Lord of the Mysteries - The Chained Pathway - Statistics

General Stats
  • This quiz has been taken 45 times
  • The average score is 8 of 10
Answer Stats
Sequence Number Name of Potion % Correct
Sequence 0 The Chained
100%
Sequence 7 Werewolf
100%
Sequence 9 Prisoner
97%
Sequence 4 Puppet
97%
Sequence 6 Zombie
93%
Sequence 5 Wraith
87%
Sequence 1 Abomination
83%
Sequence 2 Ancient Bane
67%
Sequence 8 Lunatic
60%
Sequence 3 DIsciple Of Silence
50%
No matching quizzes found
Score Distribution
Percent of People with Each Score
Percentile by Number Answered
Your Score History
You have not taken this quiz